00466nam a22001577a 4500003000400000005001700004008004100021020001800062040000900080082002000089100001600109245003900125260003500164300001000199650009900209OSt20250618162017.0250618b |||||||| |||| 00| 0 eng d a9788196654795 cSBCL a894.8121bROB-N aRobins John aNakshathragel Anadhamakkiya Rathri aWayanadbNiyatham Books c2025 a119p. 2Literature & rhetoricaLiteratures of other languagesvAltaic, Uralic, Hyperborean & Dravidian